[Event "Stay Safe Play From Home 278"]
[Site "Emanuel Lasker Arena"]
[Date "2020.07.05"]
[Round "4"]
[White "Bardellosport"]
[Black "Lazieri3"]
[Result "1-0"]
[WhiteElo "1926"]
[BlackElo "2037"]
[PlyCount "105"]
[EventDate "2020.07.05"]
[EventType "swiss (blitz)"]

1. e4 {[%emt 0:00:00]} c6 {[%emt 0:00:02]} 2. d3 {[%emt 0:00:00]} d5 {[%emt 0:00:01]} 3. Nd2 {[%emt 0:00:00]} dxe4 {[%emt 0:00:01]} 4. dxe4 {[%emt 0:00:00]} Nf6 {[%emt 0:00:01]} 5. Ngf3 {[%emt 0:00:00]} Bg4 {[%emt 0:00:00]} 6. Be2 {[%emt 0:00:00]} e6 {[%emt 0:00:01]} 7. O-O {[%emt 0:00:00]} Be7 {[%emt 0:00:01]} 8. c3 {[%emt 0:00:00]} Nbd7 {[%emt 0:00:01]} 9. Qc2 {[%emt 0:00:01]} Qc7 {[%emt 0:00:01]} 10. h3 {[%emt 0:00:01]} Bh5 {[%emt 0:00:01]} 11. Nc4 {[%emt 0:00:02]} O-O {[%emt 0:00:01]} 12. e5 {[%emt 0:00:01]} Nd5 {[%emt 0:00:01]} 13. Ne3 {[%emt 0:00:02]} Nxe3 {[%emt 0:00:01]} 14. Bxe3 {[%emt 0:00:00]} Bc5 {[%emt 0:00:02]} 15. Bf4 {[%emt 0:00:02]} Rad8 {[%emt 0:00:03]} 16. Rad1 {[%emt 0:00:01]} Nb6 {[%emt 0:00:01]} 17. b4 {[%emt 0:00:02]} Be7 {[%emt 0:00:01]} 18. a3 {[%emt 0:00:01]} Nd5 {[%emt 0:00:03]} 19. Bh2 {[%emt 0:00:02]} a5 {[%emt 0:00:03]} 20. c4 {[%emt 0:00:01]} Nb6 {[%emt 0:00:01]} 21. c5 {[%emt 0:00:01]} Nd5 {[%emt 0:00:01]} 22. Bc4 {[%emt 0:00:01]} axb4 {[%emt 0:00:01]} 23. axb4 {[%emt 0:00:00]} Nxb4 {[%emt 0:00:01]} 24. Qb3 {[%emt 0:00:01]} Nd5 {[%emt 0:00:01]} 25. Bxd5 {[%emt 0:00:01]} cxd5 {[%emt 0:00:00]} 26. Qb6 {[%emt 0:00:01]} Qxc5 {[%emt 0:00:02]} 27. Qxc5 {[%emt 0:00:00]} Bxc5 {[%emt 0:00:01]} 28. Rc1 {[%emt 0:00:00]} b6 {[%emt 0:00:01]} 29. g4 {[%emt 0:00:02]} Bg6 {[%emt 0:00:01]} 30. Nd2 {[%emt 0:00:01]} Ra8 {[%emt 0:00:03]} 31. Nb3 {[%emt 0:00:01]} Rfc8 {[%emt 0:00:02]} 32. Kg2 {[%emt 0:00:03]} h6 {[%emt 0:00:02]} 33. f4 {[%emt 0:00:01]} Be4+ {[%emt 0:00:03]} 34. Kg3 {[%emt 0:00:02]} Ra3 {[%emt 0:00:01]} 35. Rc3 {[%emt 0:00:04]} d4 {[%emt 0:00:03]} 36. Rxc5 {[%emt 0:00:04]} bxc5 {[%emt 0:00:01]} 37. f5 {[%emt 0:00:00]} Rxb3+ {[%emt 0:00:01]} 38. Kh4 {[%emt 0:00:01]} exf5 {[%emt 0:00:01]} 39. gxf5 {[%emt 0:00:01]} d3 {[%emt 0:00:01]} 40. Rd1 {[%emt 0:00:01]} Rb2 {[%emt 0:00:02]} 41. Bf4 {[%emt 0:00:00]} c4 {[%emt 0:00:01]} 42. Kg3 {[%emt 0:00:00]} c3 {[%emt 0:00:01]} 43. e6 {[%emt 0:00:00]} d2 {[%emt 0:00:00]} 44. e7 {[%emt 0:00:01]} Re8 {[%emt 0:00:01]} 45. f6 {[%emt 0:00:00]} gxf6 {[%emt 0:00:00]} 46. Bxh6 {[%emt 0:00:01]} Rxe7 {[%emt 0:00:01]} 47. Bxd2 {[%emt 0:00:00]} cxd2 {[%emt 0:00:01]} 48. Kf2 {[%emt 0:00:01]} Rb3 {[%emt 0:00:00]} 49. Ke2 {[%emt 0:00:00]} Rd3 {[%emt 0:00:01]} 50. Kf2 {[%emt 0:00:01]} Bg6 {[%emt 0:00:00]} 51. h4 {[%emt 0:00:01]} Re1 {[%emt 0:00:00]} 52. h5 {[%emt 0:00:00]} Rxd1 {[%emt 0:00:01]} 53. h6 {[%emt 0:00:00] Time (Lag: Av=0.70s, max=2.0s)} 1-0

[Event "Stay Safe Play From Home 278"]
[Site "Emanuel Lasker Arena"]
[Date "2020.07.05"]
[Round "4"]
[White "Yashjain14"]
[Black "Edmatuag"]
[Result "0-1"]
[WhiteElo "1592"]
[BlackElo "1670"]
[Annotator "NA"]
[PlyCount "24"]
[EventDate "2020.07.05"]
[EventType "swiss (blitz)"]

1. e4 {[%emt 0:00:02]} c6 {[%emt 0:00:02]} 2. Nf3 {[%emt 0:00:01]} Nh6 {[%emt 0:00:00]} 3. Nc3 {[%emt 0:00:02]} f5 {[%emt 0:00:01]} 4. exf5 {[%emt 0:00:01]} d5 {[%emt 0:00:02]} 5. Bd3 {[%emt 0:00:01]} Nxf5 {[%emt 0:00:02]} 6. O-O {[%emt 0:00:04]} g6 {[%emt 0:00:04]} 7. Be2 {[%emt 0:00:06]} Bg7 {[%emt 0:00:03]} 8. d3 {[%emt 0:00:05]} O-O {[%emt 0:00:01]} 9. Bg5 {[%emt 0:00:08]} Nd7 {[%emt 0:00:01]} 10. d4 {[%emt 0:00:04]} Nd6 {[%emt 0:00:04]} 11. Ne5 {[%emt 0:00:06]} Nxe5 {[%emt 0:00:05]} 12. dxe5 {[%emt 0:00:05]} Bxe5 {[%emt 0:00:00] Time (Lag: Av=1.39s, max=2.5s)} 0-1

[Event "Stay Safe Play From Home 278"]
[Site "Emanuel Lasker Arena"]
[Date "2020.07.05"]
[Round "5"]
[White "Broken sword"]
[Black "The Next Contender"]
[Result "1-0"]
[WhiteElo "2467"]
[BlackElo "2045"]
[PlyCount "89"]
[EventDate "2020.07.05"]
[EventType "swiss (blitz)"]

1. d4 {[%emt 0:00:01]} d5 {[%emt 0:00:00]} 2. Nf3 {[%emt 0:00:01]} c5 {[%emt 0:00:00]} 3. c4 {[%emt 0:00:00]} e6 {[%emt 0:00:00]} 4. cxd5 {[%emt 0:00:01]} Qxd5 {[%emt 0:00:01]} 5. Nc3 {[%emt 0:00:01]} Qd8 {[%emt 0:00:00]} 6. d5 {[%emt 0:00:00]} exd5 {[%emt 0:00:01]} 7. Qxd5 {[%emt 0:00:00]} Qxd5 {[%emt 0:00:01]} 8. Nxd5 {[%emt 0:00:01]} Bd6 {[%emt 0:00:03]} 9. Bg5 {[%emt 0:00:04]} Be6 {[%emt 0:00:01]} 10. O-O-O {[%emt 0:00:01]} h6 {[%emt 0:00:01]} 11. Bh4 {[%emt 0:00:01]} Ne7 {[%emt 0:00:04]} 12. Nf6+ {[%emt 0:00:04]} gxf6 {[%emt 0:00:04]} 13. Rxd6 {[%emt 0:00:00]} Nbc6 {[%emt 0:00:01]} 14. Bxf6 {[%emt 0:00:02]} Rg8 {[%emt 0:00:01]} 15. e3 {[%emt 0:00:01]} Bxa2 {[%emt 0:00:01]} 16. Bb5 {[%emt 0:00:02]} a6 {[%emt 0:00:02]} 17. Ba4 {[%emt 0:00:03]} b5 {[%emt 0:00:04]} 18. Bc2 {[%emt 0:00:01]} Rd8 {[%emt 0:00:01]} 19. Rxd8+ {[%emt 0:00:01]} Kxd8 {[%emt 0:00:00]} 20. Rd1+ {[%emt 0:00:01]} Kc7 {[%emt 0:00:01]} 21. g3 {[%emt 0:00:00]} Rd8 {[%emt 0:00:01]} 22. Ne5 {[%emt 0:00:04]} Rxd1+ {[%emt 0:00:02]} 23. Bxd1 {[%emt 0:00:00]} Nxe5 {[%emt 0:00:01]} 24. Bxe5+ {[%emt 0:00:00]} Kd7 {[%emt 0:00:03]} 25. Bf4 {[%emt 0:00:00]} Ng8 {[%emt 0:00:04]} 26. Bf3 {[%emt 0:00:01]} Be6 {[%emt 0:00:02]} 27. h4 {[%emt 0:00:01]} a5 {[%emt 0:00:01]} 28. Bb7 {[%emt 0:00:01]} b4 {[%emt 0:00:02]} 29. Kc2 {[%emt 0:00:01]} h5 {[%emt 0:00:01]} 30. Bf3 {[%emt 0:00:01]} Nf6 {[%emt 0:00:01]} 31. Be5 {[%emt 0:00:02]} Ng4 {[%emt 0:00:02]} 32. Bf4 {[%emt 0:00:01]} Nxf2 {[%emt 0:00:01]} 33. Bxh5 {[%emt 0:00:01]} Ne4 {[%emt 0:00:00]} 34. Bf3 {[%emt 0:00:02]} Bf5 {[%emt 0:00:00]} 35. Kc1 {[%emt 0:00:01]} Bg6 {[%emt 0:00:02]} 36. h5 {[%emt 0:00:01]} Bf5 {[%emt 0:00:01]} 37. g4 {[%emt 0:00:01]} Bh7 {[%emt 0:00:00]} 38. g5 {[%emt 0:00:00]} Nf6 {[%emt 0:00:00]} 39. gxf6 {[%emt 0:00:01]} Bf5 {[%emt 0:00:01]} 40. e4 {[%emt 0:00:02]} Be6 {[%emt 0:00:01]} 41. h6 {[%emt 0:00:02]} Bh3 {[%emt 0:00:00]} 42. h7 {[%emt 0:00:01]} Ke6 {[%emt 0:00:00]} 43. h8=Q {[%emt 0:00:01]} Bf5 {[%emt 0:00:02]} 44. Qe8+ {[%emt 0:00:02]} Kxf6 {[%emt 0:00:03]} 45. Qe5+ {[%emt 0:00:01] Time (Lag: Av=0.47s, max=1.1s)} 1-0

[Event "Stay Safe Play From Home 278"]
[Site "Emanuel Lasker Arena"]
[Date "2020.07.05"]
[Round "5"]
[White "BrainThinker22"]
[Black "Mepe_Nika"]
[Result "0-1"]
[WhiteElo "2412"]
[BlackElo "2376"]
[Annotator "NA"]
[PlyCount "126"]
[EventDate "2020.07.05"]
[EventType "swiss (blitz)"]

1. e4 {[%emt 0:00:01]} g6 {[%emt 0:00:01]} 2. Nc3 {[%emt 0:00:01]} Bg7 {[%emt 0:00:00]} 3. g3 {[%emt 0:00:00]} c5 {[%emt 0:00:00]} 4. Bg2 {[%emt 0:00:00]} Nc6 {[%emt 0:00:00]} 5. d3 {[%emt 0:00:00]} Rb8 {[%emt 0:00:00]} 6. Be3 {[%emt 0:00:00]} d6 {[%emt 0:00:00]} 7. Qd2 {[%emt 0:00:00]} b5 {[%emt 0:00:00]} 8. a3 {[%emt 0:00:01]} a5 {[%emt 0:00:01]} 9. Nge2 {[%emt 0:00:00]} b4 {[%emt 0:00:00]} 10. axb4 {[%emt 0:00:00]} axb4 {[%emt 0:00:00]} 11. Nd1 {[%emt 0:00:00]} e6 {[%emt 0:00:00]} 12. O-O {[%emt 0:00:00]} Nge7 {[%emt 0:00:00]} 13. f4 {[%emt 0:00:00]} O-O {[%emt 0:00:01]} 14. e5 {[%emt 0:00:00]} dxe5 {[%emt 0:00:04]} 15. Bxc5 {[%emt 0:00:01]} exf4 {[%emt 0:00:02]} 16. Bxc6 {[%emt 0:00:01]} Nxc6 {[%emt 0:00:01]} 17. Bxf8 {[%emt 0:00:00]} Qxf8 {[%emt 0:00:01]} 18. Qxf4 {[%emt 0:00:01]} Bb7 {[%emt 0:00:02]} 19. c3 {[%emt 0:00:02]} bxc3 {[%emt 0:00:01]} 20. bxc3 {[%emt 0:00:00]} Ne5 {[%emt 0:00:00]} 21. d4 {[%emt 0:00:05]} Nc4 {[%emt 0:00:03]} 22. Ne3 {[%emt 0:00:01]} Nd2 {[%emt 0:00:03]} 23. Rfd1 {[%emt 0:00:01]} Ne4 {[%emt 0:00:03]} 24. Rab1 {[%emt 0:00:03]} Bh6 {[%emt 0:00:02]} 25. Qc7 {[%emt 0:00:14]} Bxe3+ {[%emt 0:00:02]} 26. Kf1 {[%emt 0:00:00]} Nd6 {[%emt 0:00:03]} 27. c4 {[%emt 0:00:05]} Rc8 {[%emt 0:00:01]} 28. Qb6 {[%emt 0:00:03]} Be4 {[%emt 0:00:02]} 29. c5 {[%emt 0:00:02]} Nc4 {[%emt 0:00:01]} 30. Qb4 {[%emt 0:00:03]} Bd5 {[%emt 0:00:03]} 31. Ra1 {[%emt 0:00:03]} Bg5 {[%emt 0:00:03]} 32. Ra7 {[%emt 0:00:01]} Ne3+ {[%emt 0:00:01]} 33. Ke1 {[%emt 0:00:01]} Nxd1 {[%emt 0:00:00]} 34. Kxd1 {[%emt 0:00:00]} Rb8 {[%emt 0:00:03]} 35. Qa5 {[%emt 0:00:00]} Be4 {[%emt 0:00:01]} 36. Nc1 {[%emt 0:00:01]} Rb1 {[%emt 0:00:02]} 37. Ke2 {[%emt 0:00:01]} Rxc1 {[%emt 0:00:01]} 38. c6 {[%emt 0:00:00]} Rxc6 {[%emt 0:00:01]} 39. Ra8 {[%emt 0:00:01]} Rc2+ {[%emt 0:00:00]} 40. Kd1 {[%emt 0:00:01]} Qxa8 {[%emt 0:00:00]} 41. Qxa8+ {[%emt 0:00:00]} Bxa8 {[%emt 0:00:02]} 42. Kxc2 {[%emt 0:00:00]} Bd5 {[%emt 0:00:00]} 43. Kc3 {[%emt 0:00:00]} Be3 {[%emt 0:00:01]} 44. h4 {[%emt 0:00:00]} Bg1 {[%emt 0:00:00]} 45. h5 {[%emt 0:00:00]} gxh5 {[%emt 0:00:01]} 46. g4 {[%emt 0:00:00]} hxg4 {[%emt 0:00:01]} 47. Kd3 {[%emt 0:00:00]} g3 {[%emt 0:00:00]} 48. Ke2 {[%emt 0:00:00]} g2 {[%emt 0:00:00]} 49. Kd3 {[%emt 0:00:01]} Bxd4 {[%emt 0:00:00]} 50. Kxd4 {[%emt 0:00:00]} g1=Q+ {[%emt 0:00:00]} 51. Ke5 {[%emt 0:00:00]} Qg7+ {[%emt 0:00:01]} 52. Kd6 {[%emt 0:00:00]} Qf6 {[%emt 0:00:00]} 53. Kd7 {[%emt 0:00:01]} e5 {[%emt 0:00:00]} 54. Kc7 {[%emt 0:00:00]} Be6 {[%emt 0:00:00]} 55. Kb8 {[%emt 0:00:00]} e4 {[%emt 0:00:00]} 56. Ka7 {[%emt 0:00:00]} e3 {[%emt 0:00:00]} 57. Kb8 {[%emt 0:00:00]} Qe7 {[%emt 0:00:00]} 58. Ka8 {[%emt 0:00:01]} f5 {[%emt 0:00:00]} 59. Kb8 {[%emt 0:00:00]} f4 {[%emt 0:00:00]} 60. Ka8 {[%emt 0:00:00]} f3 {[%emt 0:00:00]} 61. Kb8 {[%emt 0:00:00]} f2 {[%emt 0:00:00]} 62. Ka8 {[%emt 0:00:00]} f1=Q {[%emt 0:00:00]} 63. Kb8 {[%emt 0:00:00]} Qff8# {[%emt 0:00:00] (Lag: Av=0.63s, max=1.4s)} 0-1

[Event "Stay Safe Play From Home 278"]
[Site "Emanuel Lasker Arena"]
[Date "2020.07.05"]
[Round "5"]
[White "Scorpio New"]
[Black "Bardellosport"]
[Result "1/2-1/2"]
[WhiteElo "2154"]
[BlackElo "1948"]
[PlyCount "84"]
[EventDate "2020.07.05"]
[EventType "swiss (blitz)"]

1. d3 {[%emt 0:00:00]} d6 {[%emt 0:00:01]} 2. Nd2 {[%emt 0:00:00]} Nd7 {[%emt 0:00:00]} 3. c3 {[%emt 0:00:00]} Ngf6 {[%emt 0:00:00]} 4. Qc2 {[%emt 0:00:00]} e5 {[%emt 0:00:00]} 5. e4 {[%emt 0:00:00]} Be7 {[%emt 0:00:00]} 6. Ngf3 {[%emt 0:00:00]} c6 {[%emt 0:00:00]} 7. g3 {[%emt 0:00:00]} Qc7 {[%emt 0:00:00]} 8. Bg2 {[%emt 0:00:00]} b5 {[%emt 0:00:00]} 9. a4 {[%emt 0:00:00]} bxa4 {[%emt 0:00:01]} 10. O-O {[%emt 0:00:01]} O-O {[%emt 0:00:00]} 11. d4 {[%emt 0:00:01]} Bb7 {[%emt 0:00:00]} 12. dxe5 {[%emt 0:00:01]} Nxe5 {[%emt 0:00:00]} 13. Nxe5 {[%emt 0:00:01]} dxe5 {[%emt 0:00:00]} 14. Nc4 {[%emt 0:00:00]} Rfd8 {[%emt 0:00:02]} 15. h3 {[%emt 0:00:02]} c5 {[%emt 0:00:01]} 16. Re1 {[%emt 0:00:01]} Bc6 {[%emt 0:00:01]} 17. Ne3 {[%emt 0:00:01]} Qb7 {[%emt 0:00:02]} 18. Nf5 {[%emt 0:00:01]} g6 {[%emt 0:00:02]} 19. Nxe7+ {[%emt 0:00:02]} Qxe7 {[%emt 0:00:00]} 20. Bg5 {[%emt 0:00:02]} h6 {[%emt 0:00:02]} 21. Bxh6 {[%emt 0:00:02]} Nh5 {[%emt 0:00:02]} 22. Be3 {[%emt 0:00:01]} f5 {[%emt 0:00:01]} 23. exf5 {[%emt 0:00:01]} gxf5 {[%emt 0:00:00]} 24. Bxc6 {[%emt 0:00:01]} Rf8 {[%emt 0:00:01]} 25. Bxa8 {[%emt 0:00:01]} Rxa8 {[%emt 0:00:00]} 26. Bc1 {[%emt 0:00:03]} Rf8 {[%emt 0:00:01]} 27. Qe2 {[%emt 0:00:01]} Qf7 {[%emt 0:00:02]} 28. Rxa4 {[%emt 0:00:03]} f4 {[%emt 0:00:01]} 29. Qg4+ {[%emt 0:00:02]} Kh8 {[%emt 0:00:01]} 30. Kh2 {[%emt 0:00:01]} Rg8 {[%emt 0:00:01]} 31. Qh4 {[%emt 0:00:01]} fxg3+ {[%emt 0:00:01]} 32. fxg3 {[%emt 0:00:08]} Qf2+ {[%emt 0:00:01]} 33. Kh1 {[%emt 0:00:00]} Qxe1+ {[%emt 0:00:01]} 34. Kh2 {[%emt 0:00:01]} Qf2+ {[%emt 0:00:01]} 35. Kh1 {[%emt 0:00:01]} Qf1+ {[%emt 0:00:03]} 36. Kh2 {[%emt 0:00:01]} Qf5 {[%emt 0:00:02]} 37. Rg4 {[%emt 0:00:02]} Rxg4 {[%emt 0:00:05]} 38. hxg4 {[%emt 0:00:00]} Qf2+ {[%emt 0:00:01]} 39. Kh3 {[%emt 0:00:01]} Qf1+ {[%emt 0:00:02]} 40. Kh2 {[%emt 0:00:00]} Qf2+ {[%emt 0:00:01]} 41. Kh3 {[%emt 0:00:00]} Qf1+ {[%emt 0:00:01]} 42. Kh2 {[%emt 0:00:00]} Qf2+ {[%emt 0:00:01] (Lag: Av=0.23s, max=0.4s)} 1/2-1/2

[Event "Stay Safe Play From Home 278"]
[Site "Emanuel Lasker Arena"]
[Date "2020.07.05"]
[Round "5"]
[White "Lazieri3"]
[Black "SoulofWolf"]
[Result "1/2-1/2"]
[WhiteElo "2015"]
[BlackElo "2166"]
[Annotator "NA"]
[PlyCount "117"]
[EventDate "2020.07.05"]
[EventType "swiss (blitz)"]

1. e3 {[%emt 0:00:01]} d5 {[%emt 0:00:00]} 2. d3 {[%emt 0:00:00]} Nf6 {[%emt 0:00:00]} 3. g3 {[%emt 0:00:01]} c5 {[%emt 0:00:00]} 4. Bg2 {[%emt 0:00:00]} Nc6 {[%emt 0:00:00]} 5. f4 {[%emt 0:00:01]} g6 {[%emt 0:00:00]} 6. Nf3 {[%emt 0:00:00]} Bg7 {[%emt 0:00:00]} 7. O-O {[%emt 0:00:01]} O-O {[%emt 0:00:00]} 8. e4 {[%emt 0:00:01]} Re8 {[%emt 0:00:00]} 9. e5 {[%emt 0:00:01]} Nd7 {[%emt 0:00:01]} 10. d4 {[%emt 0:00:01]} c4 {[%emt 0:00:01]} 11. c3 {[%emt 0:00:04]} Nf8 {[%emt 0:00:07]} 12. h3 {[%emt 0:00:02]} h5 {[%emt 0:00:02]} 13. Kh2 {[%emt 0:00:01]} Nh7 {[%emt 0:00:01]} 14. Nbd2 {[%emt 0:00:01]} Be6 {[%emt 0:00:01]} 15. Re1 {[%emt 0:00:01]} Qd7 {[%emt 0:00:01]} 16. Nf1 {[%emt 0:00:01]} b5 {[%emt 0:00:01]} 17. a3 {[%emt 0:00:01]} a5 {[%emt 0:00:01]} 18. Ne3 {[%emt 0:00:01]} b4 {[%emt 0:00:02]} 19. axb4 {[%emt 0:00:01]} axb4 {[%emt 0:00:00]} 20. Rxa8 {[%emt 0:00:01]} Rxa8 {[%emt 0:00:00]} 21. Ng5 {[%emt 0:00:01]} Nxg5 {[%emt 0:00:01]} 22. fxg5 {[%emt 0:00:00]} Ra1 {[%emt 0:00:01]} 23. h4 {[%emt 0:00:01]} Qa7 {[%emt 0:00:04]} 24. Qe2 {[%emt 0:00:01]} Qa5 {[%emt 0:00:02]} 25. Bh3 {[%emt 0:00:03]} Bxh3 {[%emt 0:00:02]} 26. Kxh3 {[%emt 0:00:00]} bxc3 {[%emt 0:00:01]} 27. bxc3 {[%emt 0:00:02]} Qxc3 {[%emt 0:00:01]} 28. Bd2 {[%emt 0:00:00]} Qxd4 {[%emt 0:00:02]} 29. Rxa1 {[%emt 0:00:02]} Qxa1 {[%emt 0:00:00]} 30. Nxd5 {[%emt 0:00:01]} Qxe5 {[%emt 0:00:01]} 31. Qxe5 {[%emt 0:00:02]} Nxe5 {[%emt 0:00:00]} 32. Nxe7+ {[%emt 0:00:01]} Kf8 {[%emt 0:00:00]} 33. Nd5 {[%emt 0:00:01]} Nf3 {[%emt 0:00:02]} 34. Bc3 {[%emt 0:00:01]} Bxc3 {[%emt 0:00:02]} 35. Nxc3 {[%emt 0:00:00]} Ke7 {[%emt 0:00:00]} 36. Kg2 {[%emt 0:00:01]} Nd4 {[%emt 0:00:00]} 37. Kf2 {[%emt 0:00:01]} Ke6 {[%emt 0:00:00]} 38. Ke3 {[%emt 0:00:01]} Nf5+ {[%emt 0:00:01]} 39. Kf4 {[%emt 0:00:00]} Nd4 {[%emt 0:00:02]} 40. g4 {[%emt 0:00:01]} hxg4 {[%emt 0:00:01]} 41. Kxg4 {[%emt 0:00:00]} Nf5 {[%emt 0:00:01]} 42. h5 {[%emt 0:00:01]} gxh5+ {[%emt 0:00:00]} 43. Kxh5 {[%emt 0:00:00]} Ne3 {[%emt 0:00:01]} 44. g6 {[%emt 0:00:01]} fxg6+ {[%emt 0:00:01]} 45. Kxg6 {[%emt 0:00:00]} Ke5 {[%emt 0:00:00]} 46. Kg5 {[%emt 0:00:02]} Kd4 {[%emt 0:00:00]} 47. Nb5+ {[%emt 0:00:01]} Kc5 {[%emt 0:00:02]} 48. Nc3 {[%emt 0:00:01]} Kb4 {[%emt 0:00:00]} 49. Ne4 {[%emt 0:00:01]} Nd5 {[%emt 0:00:01]} 50. Kf5 {[%emt 0:00:01]} Nb6 {[%emt 0:00:01]} 51. Ke5 {[%emt 0:00:01]} Na4 {[%emt 0:00:00]} 52. Kd4 {[%emt 0:00:01]} Nc5 {[%emt 0:00:01]} 53. Nxc5 {[%emt 0:00:01]} c3 {[%emt 0:00:00]} 54. Nd3+ {[%emt 0:00:00]} Kb3 {[%emt 0:00:01]} 55. Ke3 {[%emt 0:00:01]} c2 {[%emt 0:00:01]} 56. Kd4 {[%emt 0:00:00]} Ka2 {[%emt 0:00:01]} 57. Kc3 {[%emt 0:00:00]} Kb1 {[%emt 0:00:00]} 58. Kd2 {[%emt 0:00:00]} c1=Q+ {[%emt 0:00:01]} 59. Nxc1 {[%emt 0:00:00] (Lag: Av=0.85s, max=16.8s)} 1/2-1/2

[Event "Stay Safe Play From Home 278"]
[Site "Emanuel Lasker Arena"]
[Date "2020.07.05"]
[Round "5"]
[White "EL sanbary"]
[Black "Rogan"]
[Result "0-1"]
[WhiteElo "1977"]
[BlackElo "2237"]
[PlyCount "88"]
[EventDate "2020.07.05"]
[EventType "swiss (blitz)"]

1. c4 {[%emt 0:00:01]} d5 {[%emt 0:00:00]} 2. cxd5 {[%emt 0:00:01]} Nf6 {[%emt 0:00:00]} 3. e4 {[%emt 0:00:01]} c6 {[%emt 0:00:02]} 4. dxc6 {[%emt 0:00:01]} Nxc6 {[%emt 0:00:00]} 5. Nc3 {[%emt 0:00:01]} e5 {[%emt 0:00:00]} 6. Nf3 {[%emt 0:00:01]} Bg4 {[%emt 0:00:00]} 7. Be2 {[%emt 0:00:00]} Bxf3 {[%emt 0:00:01]} 8. Bxf3 {[%emt 0:00:01]} Nd4 {[%emt 0:00:01]} 9. O-O {[%emt 0:00:01]} Bb4 {[%emt 0:00:00]} 10. d3 {[%emt 0:00:02]} O-O {[%emt 0:00:01]} 11. Be3 {[%emt 0:00:01]} Rc8 {[%emt 0:00:01]} 12. Bxd4 {[%emt 0:00:01]} Qxd4 {[%emt 0:00:01]} 13. Nd5 {[%emt 0:00:01]} Nxd5 {[%emt 0:00:02]} 14. exd5 {[%emt 0:00:00]} Bc5 {[%emt 0:00:03]} 15. Qe2 {[%emt 0:00:03]} Bb6 {[%emt 0:00:03]} 16. Rae1 {[%emt 0:00:02]} f6 {[%emt 0:00:01]} 17. b3 {[%emt 0:00:02]} Rc3 {[%emt 0:00:01]} 18. Be4 {[%emt 0:00:02]} Rfc8 {[%emt 0:00:01]} 19. Qh5 {[%emt 0:00:02]} h6 {[%emt 0:00:08]} 20. d6 {[%emt 0:00:03]} Qxd6 {[%emt 0:00:04]} 21. Qg6 {[%emt 0:00:03]} Kf8 {[%emt 0:00:02]} 22. Qh7 {[%emt 0:00:01]} Qe6 {[%emt 0:00:01]} 23. Bf5 {[%emt 0:00:02]} Qg8 {[%emt 0:00:01]} 24. Qxg8+ {[%emt 0:00:01]} Kxg8 {[%emt 0:00:00]} 25. Bxc8 {[%emt 0:00:02]} Rxc8 {[%emt 0:00:00]} 26. Kh1 {[%emt 0:00:01]} Rc2 {[%emt 0:00:01]} 27. f4 {[%emt 0:00:01]} Bd4 {[%emt 0:00:03]} 28. fxe5 {[%emt 0:00:01]} fxe5 {[%emt 0:00:01]} 29. a4 {[%emt 0:00:01]} Rc3 {[%emt 0:00:01]} 30. Rb1 {[%emt 0:00:04]} Rxd3 {[%emt 0:00:01]} 31. Rf3 {[%emt 0:00:00]} Rd2 {[%emt 0:00:01]} 32. h3 {[%emt 0:00:01]} a5 {[%emt 0:00:01]} 33. Kh2 {[%emt 0:00:02]} b6 {[%emt 0:00:01]} 34. Kg3 {[%emt 0:00:01]} Bc5 {[%emt 0:00:02]} 35. h4 {[%emt 0:00:01]} e4 {[%emt 0:00:01]} 36. Rf5 {[%emt 0:00:01]} Bd6+ {[%emt 0:00:02]} 37. Kh3 {[%emt 0:00:01]} Rd3+ {[%emt 0:00:02]} 38. Kg4 {[%emt 0:00:02]} Rg3+ {[%emt 0:00:01]} 39. Kh5 {[%emt 0:00:01]} g6+ {[%emt 0:00:00]} 40. Kxh6 {[%emt 0:00:01]} gxf5 {[%emt 0:00:00]} 41. Rd1 {[%emt 0:00:03]} Bf8+ {[%emt 0:00:00]} 42. Kh5 {[%emt 0:00:01]} Rxg2 {[%emt 0:00:00]} 43. Rd7 {[%emt 0:00:01]} Rg7 {[%emt 0:00:00]} 44. Rd8 {[%emt 0:00:01]} Kh7 {[%emt 0:00:01] Time (Lag: Av=0.40s, max=1.2s)} 0-1

[Event "Stay Safe Play From Home 278"]
[Site "Emanuel Lasker Arena"]
[Date "2020.07.05"]
[Round "5"]
[White "NeatFox"]
[Black "Haxhi Baha"]
[Result "1-0"]
[WhiteElo "1974"]
[BlackElo "2021"]
[PlyCount "55"]
[EventDate "2020.07.05"]
[EventType "swiss (blitz)"]

1. g4 {[%emt 0:00:01]} h5 {[%emt 0:00:03]} 2. Bg2 {[%emt 0:00:00]} hxg4 {[%emt 0:00:02]} 3. c4 {[%emt 0:00:00]} Nf6 {[%emt 0:00:02]} 4. Qb3 {[%emt 0:00:00]} c6 {[%emt 0:00:01]} 5. d4 {[%emt 0:00:01]} d5 {[%emt 0:00:01]} 6. cxd5 {[%emt 0:00:01]} Nxd5 {[%emt 0:00:01]} 7. Nc3 {[%emt 0:00:00]} e6 {[%emt 0:00:02]} 8. Nxd5 {[%emt 0:00:01]} exd5 {[%emt 0:00:01]} 9. Bf4 {[%emt 0:00:02]} Bd6 {[%emt 0:00:01]} 10. Bxd6 {[%emt 0:00:01]} Qxd6 {[%emt 0:00:00]} 11. h3 {[%emt 0:00:02]} gxh3 {[%emt 0:00:01]} 12. Bxh3 {[%emt 0:00:01]} Bxh3 {[%emt 0:00:01]} 13. Rxh3 {[%emt 0:00:00]} Rxh3 {[%emt 0:00:01]} 14. Nxh3 {[%emt 0:00:00]} Qh2 {[%emt 0:00:02]} 15. O-O-O {[%emt 0:00:01]} Qxh3 {[%emt 0:00:01]} 16. Qxh3 {[%emt 0:00:01]} Nd7 {[%emt 0:00:05]} 17. Qh8+ {[%emt 0:00:01]} Nf8 {[%emt 0:00:01]} 18. Qxg7 {[%emt 0:00:01]} O-O-O {[%emt 0:00:00]} 19. Qxf7 {[%emt 0:00:02]} Nd7 {[%emt 0:00:00]} 20. Qf5 {[%emt 0:00:02]} Kc7 {[%emt 0:00:01]} 21. Rh1 {[%emt 0:00:00]} Kb6 {[%emt 0:00:00]} 22. Rh7 {[%emt 0:00:01]} Nb8 {[%emt 0:00:00]} 23. Qf7 {[%emt 0:00:01]} Na6 {[%emt 0:00:00]} 24. Qxb7+ {[%emt 0:00:01]} Ka5 {[%emt 0:00:00]} 25. Qxa7 {[%emt 0:00:01]} Rb8 {[%emt 0:00:02]} 26. b3 {[%emt 0:00:02]} Rb4 {[%emt 0:00:02]} 27. Rb7 {[%emt 0:00:02]} Rxd4 {[%emt 0:00:01]} 28. Qxd4 {[%emt 0:00:04] Haxhi Baha resigns (Lag: Av=0.88s, max=2.2s)} 1-0

[Event "Stay Safe Play From Home 278"]
[Site "Emanuel Lasker Arena"]
[Date "2020.07.05"]
[Round "5"]
[White "Robk"]
[Black "Edmatuag"]
[Result "1-0"]
[WhiteElo "1592"]
[BlackElo "1684"]
[Annotator "NA"]
[PlyCount "35"]
[EventDate "2020.07.05"]
[EventType "swiss (blitz)"]

1. e4 {[%emt 0:00:14]} c6 {[%emt 0:00:00]} 2. d4 {[%emt 0:00:02]} Nh6 {[%emt 0:00:01]} 3. Nc3 {[%emt 0:00:02]} f5 {[%emt 0:00:01]} 4. exf5 {[%emt 0:00:02]} Nxf5 {[%emt 0:00:01]} 5. Nf3 {[%emt 0:00:02]} d6 {[%emt 0:00:02]} 6. Be2 {[%emt 0:00:01]} g6 {[%emt 0:00:01]} 7. Bd2 {[%emt 0:00:02]} Bg7 {[%emt 0:00:01]} 8. O-O {[%emt 0:00:02]} Nxd4 {[%emt 0:00:09]} 9. Nxd4 {[%emt 0:00:02]} Bxd4 {[%emt 0:00:01]} 10. Bh6 {[%emt 0:00:02]} Bf6 {[%emt 0:00:06]} 11. Ne4 {[%emt 0:00:03]} Bxb2 {[%emt 0:00:02]} 12. Rb1 {[%emt 0:00:02]} Be5 {[%emt 0:00:04]} 13. f4 {[%emt 0:00:02]} Bf6 {[%emt 0:00:03]} 14. Nxf6+ {[%emt 0:00:02]} exf6 {[%emt 0:00:00]} 15. Bc4 {[%emt 0:00:03]} d5 {[%emt 0:00:03]} 16. Re1+ {[%emt 0:00:01]} Kf7 {[%emt 0:00:01]} 17. Bb3 {[%emt 0:00:09]} Re8 {[%emt 0:00:06]} 18. c4 {[%emt 0:00:02] Time (Lag: Av=0.65s, max=0.8s)} 1-0